=LDR 00000nam 2200000 4500 =001 INLIS000000000032556 =005 20130612134546 =008 ***********************************ind** =035 ##$$a0010-061300000032556 =041 ##$$a ind =082 ##$$a 650.1 =090 ##$$a 650.1, Kar d =100 ##$$a Kartono, Salim =245 ##$$a dari To begin, Berani Memulai, Berani Sukdes, Salim Kartono =260 ##$$a 2008 $b Jakarta =300 ##$$a x,201 hlm, Ilus, 23 cm =650 ##$$a Sukses Dalam Bisnis =850 ##$$a NBPNMAT =990 ##$$a 21400613/BPAP-NTB/20142014